When the Presidents died Quiz Stats

 Plays Quiz not verified by Sporcle

Challenge
Share
Tweet
Embed
Score 0/38 Timer 04:00
0 Plays Today
Date of Death President % Correct
December 14, 1799George Washington
98.3%
July 4, 1826, 6:20 pmJohn Adams
96.6%
July 4, 1826, 12:30 pmThomas Jefferson
96.6%
June 28, 1836James Madison
91%
July 4, 1831James Monroe
91%
April 15, 1865 *Abraham Lincoln
90.4%
April 4, 1841 *William Henry Harrison
89.3%
November 22, 1963 *John F. Kennedy
89.3%
April 12, 1945 *Franklin Delano Roosevelt
88.8%
June 8, 1845Andrew Jackson
88.2%
July 9, 1850 *Zachary Taylor
85.4%
September 19, 1881 *James Garfield
85.4%
September 14, 1901 *William McKinley
85.4%
June 5, 2004Ronald Reagan
85.4%
December 26, 1972Harry S. Truman
84.3%
December 26, 2006Gerald Ford
84.3%
October 20, 1964Herbert Hoover
83.7%
March 28, 1969Dwight D. Eisenhower
83.7%
January 6, 1919Theodore Roosevelt
83.1%
Date of Death President % Correct
August 2, 1923 *Warren G. Harding
83.1%
January 22, 1973Lyndon B. Johnson
83.1%
April 22, 1994Richard Nixon
83.1%
February 23, 1848John Quincy Adams
82.6%
June 15, 1849James Polk
82.6%
February 3, 1924Woodrow Wilson
80.9%
March 8, 1930William Taft
80.3%
January 5, 1933Calvin Coolidge
79.8%
July 24, 1862Martin Van Buren
78.1%
June 1, 1868James Buchanan
77%
July 23, 1885Ulysses S. Grant
77%
June 24, 1908Grover Cleveland
77%
January 18, 1862John Tyler
76.4%
October 8, 1869Franklin Pierce
76.4%
November 18, 1886Chester A. Arthur
76.4%
January 17, 1893Rutherford B. Hayes
76.4%
March 8, 1874Millard Fillmore
73.6%
July 31, 1875Andrew Johnson
73%
March 13, 1901 Benjamin Harrison
72.5%

You're not logged in!

Compare scores with friends on all Sporcle quizzes.
OR
Log In

You Might Also Like...

Show Comments

Extras

Top Quizzes Today


Score Distribution

Your Account Isn't Verified!

In order to create a playlist on Sporcle, you need to verify the email address you used during registration. Go to your Sporcle Settings to finish the process.

Report this User

Report this user for behavior that violates our Community Guidelines.

Details: